| 000 | 00563nam a2200193 i 4500 | ||
|---|---|---|---|
| 001 | 29321 | ||
| 003 | ES-MaACL | ||
| 005 | 20230906154018.0 | ||
| 007 | t| | ||
| 008 | 030121s1878 sp ||||1| spa d | ||
| 080 | _a821.133.1-31"18" | ||
| 100 | 1 |
_aBalzac, Honoré de, _d1799-1850 _925139 |
|
| 245 | 1 | 3 |
_aLa investigación de lo absoluto / _cH. de Balzac ; traducción de Eduardo Quilez. |
| 260 |
_aMadrid : _bE. Vicente, _c1878. |
||
| 300 |
_a229 p. ; _c18 cm. |
||
| 700 | 0 |
_aQuílez, Eduardo. _994626 |
|
| 852 |
_aES-MaACL _jT-711-F-1 |
||
| 999 |
_c29321 _d29321 |
||